[Event "11th Tal Memorial Rapid 2018"]
[Site "Moscow"]
[Date "2018.03.02"]
[Round "2"]
[White "Gelfand, Boris"]
[Black "Karjakin, Sergey"]
[Result "1/2-1/2"]
[WhiteElo "2695"]
[BlackElo "2763"]
[Annotator "TA"]
[PlyCount "55"]
[EventDate "2018.??.??"]
[EventType "rapid"]
[EventCountry "RUS"]
[SourceTitle "playchess.com"]
[Source "ChessBase"]
[SourceQuality "1"]

{[%evp 20,55,10,10,17,9,14,9,8,9,16,0,0,0,0,0,0,4,4,0,0,0,0,0,0,-4,0,0,0,0,0,0,0,0,0,0,0,0]} 1. d4 Nf6 2. c4 e6 3. g3 Bb4+ 4. Bd2 Be7 5. Bg2 d5 6. Nf3 O-O 7. O-O Nbd7 8. c5 {E11: Damenindisch (Bogoljubow-Variante)} (8. Qc2 c6 9. Bf4 b6 10. cxd5 cxd5 11. Rc1 Bb7 12. Qb3 Rc8 13. Rxc8 Qxc8 14. Nc3 Nh5 15. Bg5 Bxg5 16. Nxg5 Nhf6 17. e3 Qb8 18. Bf1 Rc8 {½-½ (56) So,W (2788)-Karjakin,S (2760) London 2017}) 8... c6 9. Nc3 b6 10. b4 a5 11. a3 $1 {LiveBook: 4 Partien. Die Stellung ist ausgeglichen.} Ne4 $146 ({Vorgänger:} 11... Ba6 12. Qc2 Bc4 13. Bf4 Nh5 14. Be3 f5 15. Nd2 Ba6 16. f4 g5 {½-½ (19) Romanishin,O (2466)-Horvath,C (2549) Zalakaros 2015}) 12. Qc2 Nxc3 13. Bxc3 Ba6 14. Rfe1 Bb5 (14... Qc8 {is more complex.} 15. Bd2 Bc4 16. cxb6 axb4 17. Bxb4 Bxb4 18. axb4 Qb7) 15. e4 (15. Bd2 {is interesting.} axb4 16. axb4 Qc7 17. h4 Rxa1 18. Rxa1 Qb7 19. Bg5) 15... axb4 16. axb4 Rxa1 17. Rxa1 dxe4 18. Qxe4 Nf6 19. Qc2 Nd5 20. Bd2 Bf6 21. h4 h6 22. Ra3 Qe7 23. Qa2 Rd8 24. Ra7 Rd7 25. Ra8+ Rd8 26. Ra7 Rd7 27. Ra8+ Rd8 28. Ra7 {Precision: Weiß = 81%, Schwarz = 82%.} 1/2-1/2

[Event "11th Tal Memorial Rapid 2018"]
[Site "Moscow"]
[Date "2018.03.02"]
[Round "3"]
[White "Nakamura, Hikaru"]
[Black "Nepomniachtchi, Ian"]
[Result "1-0"]
[WhiteElo "2787"]
[BlackElo "2751"]
[Annotator "TA"]
[PlyCount "75"]
[EventDate "2018.??.??"]
[EventType "rapid"]
[EventCountry "RUS"]
[SourceTitle "playchess.com"]
[Source "ChessBase"]
[SourceQuality "1"]

{[%evp 16,75,18,15,22,17,40,0,10,11,62,76,98,-9,-20,-21,0,0,12,-33,64,79,113,108,92,15,143,131,133,151,135,153,347,340,343,333,390,390,399,405,389,398,398,395,509,509,493,492,498,506,510,508,476,381,615,601,622,610,773,759,691,670]} 1. d4 Nf6 2. c4 g6 3. Nf3 Bg7 4. e3 O-O 5. Be2 c5 (5... b6 6. O-O Bb7 7. Nc3 d5 8. cxd5 Nxd5 9. Bd2 Nd7 10. Nxd5 Bxd5 11. Bc3 c5 12. Rc1 e6 13. Qa4 a6 14. Qa3 Qb8 15. dxc5 Bxc3 16. Qxc3 bxc5 17. Nd2 a5 18. a4 Qb7 {1-0 (35) Nakamura,H (2793)-Nepomniachtchi,I (2751) Zuerich 2017}) 6. d5 {E60: King's Indian: Unusual lines and Fianchetto Variation without Nc3} e6 7. Nc3 (7. O-O d6 8. Nc3 exd5 9. cxd5 Na6 10. Nd2 Re8 11. e4 Rb8 12. Re1 Bd7 13. h3 {0-1 (44) Nakamura,H (2785)-Vachier Lagrave,M (2796) Paris 2017}) 7... b6 8. O-O exd5 9. cxd5 {LiveBook: 3 Games} Re8 10. Nd2 Ba6 11. Re1 d6 12. e4 Qc8 $146 ({Better is} 12... Bxe2 $11 13. Qxe2 a6) ({Predecessor:} 12... Bxe2 13. Rxe2 a6 14. a4 Nbd7 15. h3 {½-½ (82) Grigoriants,S (2603)-Bezold,M (2509) Berlin 2015}) 13. a4 c4 14. b4 (14. Nb5 $16 Bxb5 15. axb5) 14... cxb3 $1 $11 15. Bb2 Bxe2 16. Rxe2 Nh5 17. Rc1 {[#] And now Nb5 would win.} Na6 (17... Qg4 $15) 18. Nb5 $14 Qg4 19. Bxg7 Kxg7 20. Nxd6 (20. f3 $16 Qd7 21. Nxb3 (21. Qxb3 Nf4 $14)) 20... Red8 ({But not} 20... b2 $6 21. Nxe8+ Rxe8 22. Rb1 $16) (20... Nf4 $1 $11 21. f3 (21. Nxe8+ Rxe8 22. f3 Qg5 $11) 21... Qg5) 21. h3 $36 {[%mdl 2048] White is really pushing.} Qg5 22. Nf3 Qf4 23. e5 {Strongly threatening Re4.} Nc5 $2 (23... Rxd6 $16 24. exd6 Nc5) 24. Rc4 $18 Qh6 25. Rh4 Kg8 26. g4 b2 {[#] aiming for ...Qc1.} 27. gxh5 Qc1 28. Re1 Qxd1 29. Rxd1 Nd3 30. hxg6 hxg6 31. Rd4 Nc1 32. Rb4 Ne2+ 33. Kg2 Nc3 34. Re1 b1=Q $2 (34... Nxd5 35. Rb5 Nc3 36. Rxb2 Nxa4) 35. Rbxb1 {White is clearly winning.} Nxb1 36. Rxb1 f6 37. Rc1 fxe5 38. Rc6 {Precision: White = 61%, Black = 44%.} 1-0

[Event "11th Tal Memorial Rapid 2018"]
[Site "Moscow"]
[Date "2018.03.02"]
[Round "3"]
[White "Anand, Viswanathan"]
[Black "Mamedyarov, Shakhriyar"]
[Result "0-1"]
[WhiteElo "2776"]
[BlackElo "2809"]
[Annotator "TA"]
[PlyCount "92"]
[EventDate "2018.??.??"]
[EventType "rapid"]
[EventCountry "RUS"]
[SourceTitle "playchess.com"]
[Source "ChessBase"]
[SourceQuality "1"]

{[%evp 19,92,14,20,-1,0,0,0,0,0,0,0,0,0,0,0,0,0,-30,-29,-23,-19,-32,-22,-52,-43,-78,0,0,0,0,25,0,0,0,0,0,0,0,0,0,0,0,0,-74,-49,-72,-82,-154,-171,-214,-231,-206,-206,-183,-172,-460,-449,-477,-477,-439,-351,-332,-327,-732,-731,-700,-713,-693,-702,-681,-664,-801,-754,-1173,-1079]} 1. e4 e6 2. d4 d5 3. Nc3 Bb4 4. e5 c5 5. a3 Ba5 6. b4 cxd4 7. Nb5 Bc7 8. f4 Bd7 9. Nxc7+ Qxc7 10. Nf3 {C18: French: 3 Nc3 Bb4: Main line: 7 h4 and 7 Qg4} Ba4 {LiveBook: 32 Games} (10... Ne7 11. Bd3 Ba4 12. O-O Nbc6 13. Bb2 a6 14. Qd2 Qb6 15. Qf2 Bb5 16. Bxd4 Nxd4 17. Nxd4 Bxd3 18. cxd3 Rc8 {1-0 (35) Nepomniachtchi,I (2729)-Wang,H (2709) Riadh 2017}) 11. Ra2 Ne7 $146 ({Predecessor:} 11... Nc6 12. Bd3 Nh6 13. Bb2 Nf5 14. Qd2 Qb6 15. Bxf5 exf5 16. Bxd4 Qb5 17. e6 fxe6 18. Bxg7 {½-½ (58) Van den Doel,E (2485)-Barsov,A (2465) Dieren 1998}) 12. Nxd4 {The position is equal.} a6 13. Be3 Nbc6 14. Bd3 Nxd4 15. Bxd4 Bb5 16. O-O Nf5 17. Bf2 h5 18. a4 Bxd3 19. cxd3 Rc8 20. a5 d4 $1 21. Ra1 Qd7 22. Qf3 Qd5 (22... Rc3 $17) 23. Qxd5 exd5 24. Rfc1 Kd7 25. Be1 f6 26. exf6 gxf6 27. Kf2 Ne3 28. Kf3 Nc2 29. Ra2 Nxe1+ 30. Rxe1 $11 {[%mdl 4096] Endgame KRR-KRR} Rc3 31. Rae2 (31. Rd1 $11 {keeps the balance.}) 31... Rxd3+ $17 32. Kf2 Rh7 33. b5 (33. Re6 $142) 33... axb5 34. Rb2 Kc6 $1 35. Re6+ Kc5 36. Rb6 Ra3 $1 37. Rxf6 $2 (37. R2xb5+ Kc4 38. Rb4+ Kc3 39. R4b5) 37... d3 $19 38. f5 Kd4 39. Rb4+ {[#]} Kc3 $1 {[%cal Rc3b4]} 40. Rxb5 Rd7 41. Rc5+ $2 (41. Rfb6 Ra2+ 42. Ke3 Re7+ 43. Kf4) 41... Kd4 {Black is clearly winning.} 42. Rc1 Ra2+ 43. Kf3 d2 44. Rd1 Kd3 45. Re6 {[#]} d4 $1 46. f6 Ra3 {Precision: White = 33%, Black = 94%.} 0-1

[Event "11th Tal Memorial Rapid 2018"]
[Site "Moscow"]
[Date "2018.03.02"]
[Round "3"]
[White "Grischuk, Alexander"]
[Black "Gelfand, Boris"]
[Result "1/2-1/2"]
[WhiteElo "2767"]
[BlackElo "2695"]
[Annotator "TA"]
[PlyCount "30"]
[EventDate "2018.??.??"]
[EventType "rapid"]
[EventCountry "RUS"]
[SourceTitle "playchess.com"]
[Source "ChessBase"]
[SourceQuality "1"]

{[%evp 16,30,0,0,0,0,0,0,0,0,0,0,0,0,0,0,0]} 1. b3 e5 2. Bb2 Nc6 3. e3 g6 4. c4 Bg7 5. Nc3 Nf6 6. Nf3 O-O 7. d4 d6 8. Be2 Bf5 {A25: English Opening vs King's Indian with ...Nc6 but without early d3} 9. d5 {LiveBook: 4 Games. The position is equal.} Nb4 {Threatens to win with ...Nc2+.} 10. O-O a5 11. a3 Na6 $1 12. Nh4 $146 ({Predecessor:} 12. Re1 Re8 13. Bf1 Nc5 14. b4 Nce4 15. Nd2 Nxf2 16. Kxf2 {0-1 (29) Gawehns,K (2476)-Kerekes,J (2313) IECC email 2001}) 12... Bd7 13. Nf3 Bf5 14. Nh4 Bd7 15. Nf3 Bf5 1/2-1/2

[Event "11th Tal Memorial Rapid 2018"]
[Site "Moscow"]
[Date "2018.03.02"]
[Round "3"]
[White "Karjakin, Sergey"]
[Black "Dubov, Daniil"]
[Result "1/2-1/2"]
[WhiteElo "2763"]
[BlackElo "2701"]
[Annotator "TA"]
[PlyCount "77"]
[EventDate "2018.??.??"]
[EventType "rapid"]
[EventCountry "RUS"]
[SourceTitle "playchess.com"]
[Source "ChessBase"]
[SourceQuality "1"]

{[%evp 22,77,15,17,28,27,10,17,85,56,58,64,89,58,72,66,76,70,74,67,95,95,86,89,101,100,118,131,133,112,131,100,93,85,83,81,81,66,83,66,76,53,53,53,53,53,53,53,113,0,0,0,0,0,0,0,0,0]} 1. Nf3 c5 2. b3 b6 3. Bb2 Bb7 4. c4 Nf6 5. g3 g6 6. Bg2 Bg7 7. O-O O-O 8. e3 d6 9. Nc3 Nbd7 10. d4 Ne4 11. Rc1 {A30: Symmetrical English: Double Fianchetto and Hedgehog} Nxc3 12. Bxc3 {LiveBook: 4 Games} Be4 13. Qe2 {[#] White has an edge.} a6 $146 ({Find the theoretical novelty and annotate with similar games:} 13... Qc7 14. Rfd1 Qb7 15. Ne1 Bxg2 16. Nxg2 cxd4 17. Bxd4 Nf6 18. Bxf6 Bxf6 {½-½ (40) Howell,D (2667)-Swiercz,D (2645) Saint Louis 2017}) 14. Rfd1 Qb8 (14... Re8 $11) 15. Bh3 Bxf3 16. Qxf3 Rd8 17. Bg2 Ra7 18. h4 b5 19. Ba5 Rc8 20. Qe2 b4 21. a3 bxa3 {[#]} 22. Qa2 $1 cxd4 23. exd4 e5 24. dxe5 ({Reject} 24. Qxa3 $6 exd4 25. Rb1 h5 $11) 24... Nxe5 25. Qxa3 Nc6 26. Bxc6 Rxc6 27. Rd3 Re7 28. Rcd1 Re6 29. Bd2 h5 30. Bf4 {[%cal Rf4d6]} Be5 31. Bxe5 Rxe5 32. Rxd6 Rxd6 33. Rxd6 $16 {[%mdl 4096] Endgame KQR-KQR} Re1+ 34. Kh2 $1 Re2 ({Better is} 34... Rf1 $14) 35. Kg2 ({But not} 35. Qxa6 $6 Rxf2+ 36. Kg1 Rf3 $11) ({White must play} 35. Rf6 $16) 35... Qa8+ $1 $11 {The position is equal.} 36. Rd5 Qe8 $1 {[%cal Re8e4] [#] ( -> ...Qe4+)} 37. b4 {Strongly threatening Qf3.} Qe4+ 38. Qf3 {Hoping for c5.} Qxc4 39. Qd3 {Precision: White = 66%, Black = 63%.} 1/2-1/2

[Event "11th Tal Memorial Rapid 2018"]
[Site "Moscow"]
[Date "2018.03.02"]
[Round "3"]
[White "Svidler, Peter"]
[Black "Kramnik, Vladimir"]
[Result "0-1"]
[WhiteElo "2760"]
[BlackElo "2800"]
[Annotator "TA"]
[PlyCount "88"]
[EventDate "2018.??.??"]
[EventType "rapid"]
[EventCountry "RUS"]
[SourceTitle "playchess.com"]
[Source "ChessBase"]
[SourceQuality "1"]

{[%evp 21,88,-46,-39,-44,-39,-78,-45,-45,-27,-28,8,0,8,0,0,-34,-20,-35,-24,-24,-23,-30,-27,-30,-27,-25,19,25,93,-17,-15,-130,-136,-118,-83,-217,-199,-239,-238,-238,-239,-241,-230,-242,-212,-235,-111,-183,-193,-246,-257,-231,-255,-243,-242,-223,-270,-370,-356,-318,-227,-233,-217,-2076,-2074,-1984,-1933,-1483,-1466]} 1. Nf3 d5 2. g3 Nf6 3. Bg2 e6 4. O-O Be7 5. d3 O-O 6. Nbd2 c5 7. e4 Nc6 8. Re1 Qc7 9. e5 Nd7 10. Qe2 b5 {[%cal Bb7b5,Bb5b4][%mdl 32]} 11. Nf1 Bb7 12. Bf4 {C00: French: Unusual White 2nd moves} (12. h4 Rfc8 13. Bd2 b4 14. N1h2 Qd8 15. Bg5 h6 16. Bxe7 Nxe7 17. Qd2 a5 18. h5 c4 19. Nd4 Nc6 20. Nhf3 Nxd4 21. Nxd4 cxd3 22. cxd3 {1-0 (63) Nepomniachtchi,I (2751)-Dominguez Perez,L (2739) Saint Louis 2017}) 12... Rfc8 13. Ne3 {With the idea Nxd5!} Qd8 14. h4 {Black is slightly better.} h6 $146 ({Predecessor:} 14... a5 15. Bh3 h6 16. h5 Nb6 17. Ng4 a4 18. Qd2 Bf8 19. Nfh2 d4 20. Bg2 {1-0 (50) Dolgaeva,E (1879)-Karamov,S (1785) Kazan 2016}) 15. c3 b4 16. c4 Nb6 17. Rad1 Rc7 18. Ng4 Qf8 19. Qe3 Nd4 20. Nxd4 cxd4 21. Qe2 Rd8 22. b3 a5 23. Nh2 Kh8 24. Qh5 Qg8 (24... Kh7 $11) 25. Ng4 (25. Nf3 $16) 25... Bf8 $11 {Strongly threatening ...g6.} (25... dxc4 26. Nf6 $1 $14 {[%mdl 512]}) 26. c5 (26. Nh2 $11 {remains equal.}) 26... Nd7 {[%cal Bb6d7,Bd7c5,Bc5e4,Be4c3][%mdl 32] ...g6 is the strong threat.} (26... Bxc5 $2 27. Bxh6 $1 {[%mdl 512]} Qh7 28. Bxg7+ $1 {[%mdl 512]} Kxg7 29. Qg5+ Qg6 30. Qxd8 $18) 27. Nh2 Nxc5 28. Qe2 (28. Rd2 $17) 28... Ba6 $19 29. Nf3 Qh7 {[%cal Rc5d3]} 30. Bf1 {[#]} Ne4 $1 {[%mdl 512]} 31. Rc1 (31. dxe4 Bxe2) 31... Rc3 32. Nxd4 {[#]} Bc5 $1 {[%cal Rc5d4]} ({Less strong is} 32... Bxd3 33. Qxd3 Rxd3 34. Bxd3 $17) (32... Rxd3 33. Be3 $11) 33. Qe3 Rxc1 (33... Bb6 $19 {has better winning chances. White must now prevent ...Rdc8.} 34. h5 Rdc8) 34. Qxc1 {[#]} (34. Rxc1 $17 {was necessary.} Nc3 35. a4) 34... Nc3 $1 ({Don't take} 34... Bxd4 35. dxe4 Bxf1 36. Kxf1 $17) 35. Be3 (35. Ne2 $142 d4 36. Nxc3 bxc3 37. Rd1) 35... Bxd3 36. Nxe6 fxe6 37. Bxc5 Bxf1 38. Kxf1 d4 ({Resist} 38... Nxa2 39. Qd2 $17) 39. Bd6 Qf5 40. Kg2 Rc8 41. Qd2 d3 42. Re3 $2 (42. Rc1) 42... Ne4 {Black is clearly winning.} 43. Qxd3 Qxf2+ 44. Kh3 Rc3 {Precision: White = 42%, Black = 55%.} 0-1

[Event "11th Tal Memorial Rapid 2018"]
[Site "Moscow"]
[Date "2018.03.03"]
[Round "4"]
[White "Mamedyarov, Shakhriyar"]
[Black "Nakamura, Hikaru"]
[Result "1/2-1/2"]
[WhiteElo "2809"]
[BlackElo "2787"]
[Annotator "TA"]
[PlyCount "65"]
[EventDate "2018.??.??"]
[EventType "rapid"]
[EventCountry "RUS"]
[SourceTitle "playchess.com"]
[Source "ChessBase"]
[SourceQuality "1"]

{[%evp 18,65,18,24,32,30,33,26,36,34,20,20,18,30,38,13,14,9,11,18,13,22,12,12,62,30,31,5,4,4,4,4,4,0,0,0,0,0,0,0,0,0,0,0,0,0,0,0,0,0]} 1. d4 Nf6 2. c4 e6 3. Nf3 d5 4. Nc3 Be7 5. Bf4 O-O 6. e3 c5 7. dxc5 Bxc5 8. Qc2 Nc6 9. Rd1 Qa5 10. a3 Re8 {Hoping for ...e5. D37: Queen's Gambit Declined: 5 Bf4} 11. Nd2 e5 12. Bg5 {[#] Nb3 is the strong threat.} Nd4 $1 {[%cal Rd4c2] White has an edge.} 13. Qb1 Bf5 14. Bd3 Bxd3 $1 15. Qxd3 Ne4 $1 {[%cal Re4g5]} ({Wrong is} 15... e4 $2 16. Qb1 $18) 16. Nxd5 Nxg5 {[#]} 17. exd4 $146 ({Predecessor:} 17. b4 Qd8 18. bxc5 {½-½ (45) Aronian,L (2805)-Nakamura,H (2781) London 2017}) 17... Bxd4 18. b4 Qd8 19. Qb3 Ne6 20. O-O Nc7 21. Ne3 Qf6 22. c5 b6 {The position is equal.} 23. Ne4 Qe6 24. Qxe6 Rxe6 25. Nf5 bxc5 26. Nxc5 Bxc5 27. bxc5 {Strongly threatening Rd7.} Na6 28. Rd5 g6 29. Nd6 Rd8 30. Rfd1 Nxc5 31. Nxf7 Rxd5 32. Rxd5 Kxf7 33. Rxc5 {Precision: White = 89%, Black = 92%.} 1/2-1/2

[Event "11th Tal Memorial Rapid 2018"]
[Site "Moscow"]
[Date "2018.03.03"]
[Round "4"]
[White "Kramnik, Vladimir"]
[Black "Gelfand, Boris"]
[Result "1/2-1/2"]
[WhiteElo "2800"]
[BlackElo "2695"]
[Annotator "TA"]
[PlyCount "112"]
[EventDate "2018.??.??"]
[EventType "rapid"]
[EventCountry "RUS"]
[SourceTitle "playchess.com"]
[Source "ChessBase"]
[SourceQuality "1"]

{[%evp 9,112,-7,-14,-9,0,0,0,0,0,0,8,-6,7,0,0,0,0,0,0,0,0,0,0,20,41,42,44,28,38,13,35,34,45,15,45,37,31,31,20,0,45,16,36,-44,-41,-37,-36,-41,-37,-33,-25,-25,-23,-58,-23,-35,-3,0,0,0,0,0,0,-4,-6,-108,-61,-583,-585,-409,-644,-640,-511,-560,-558,-611,-589,-588,-422,-414,-285,-450,-66,-64,-64,-79,-67,-79,-79,-80,-79,-79,-79,-80,-80,-80,0,0,0,0,0,0,0,0,0]} 1. Nf3 c5 2. b3 d6 3. c4 g6 4. Bb2 e5 5. g3 (5. Nc3 Bg7 6. d3 Nc6 7. e3 f5 8. g3 Nf6 9. Bg2 O-O 10. O-O f4 11. Nd5 fxe3 12. fxe3 Nxd5 13. cxd5 Nb4 14. e4 Bd7 15. a3 {0-1 (31) Bacrot,E (2708)-Vachier Lagrave,M (2796) Paris 2017}) 5... Nc6 6. Bg2 {A04: Unusual lines after 1 Nf3 and King's Indian Attack} Bg7 7. O-O Nge7 8. Nc3 O-O 9. d3 h6 10. Nd2 Be6 11. a3 Qd7 12. b4 $146 cxb4 13. axb4 Nxb4 14. Ba3 a5 15. Rb1 {[#]} e4 $1 {[%mdl 512]} 16. Na4 (16. Ncxe4 f5) 16... Ra6 17. Nxe4 b5 18. cxb5 Qxb5 19. Bb2 Ned5 20. Bxg7 Kxg7 21. Rc1 (21. Nac3 {is more complex.} Qd7 22. Qb3 Rc8 23. Qb2 f6 24. Rfc1) 21... Bd7 22. Nac3 Nxc3 23. Rxc3 Qe5 24. d4 Qe7 25. Qa1 Bf5 26. f3 (26. d5 $1 $14) 26... Qa7 $15 27. e3 Nd5 {Threatens to win with ...Bxe4.} 28. Ra3 Rc8 29. g4 Bxe4 30. fxe4 Nb4 31. d5+ Kg8 {And now ...Nc2 would win.} 32. Rc3 Re8 33. Qa4 Qe7 34. Rc7 $1 {[%cal Rc7e7]} Qxc7 35. Qxe8+ Kg7 36. e5 dxe5 {...Ra7 is the strong threat.} 37. Be4 (37. h4 $1 $11 {was the only way to keep the balance.}) 37... Ra7 {Hoping for ...Qd6.} 38. Bxg6 $2 {[%mdl 8192]} (38. h4 $15) 38... fxg6 $19 39. Qf8+ Kh7 40. d6 Qg7 41. Qe8 Qd7 42. Qxe5 Qxg4+ 43. Kh1 Qc4 {[%cal Rc4f1]} 44. Rf8 {[%csl Ge5][%cal Rf8h8]} Rg7 45. e4 (45. Qe8 {was the only chance.} Qc6+ 46. e4 Qxe8 47. Rxe8) 45... Nd3 $2 (45... Nc6 $19 46. Qe8 Rg8 47. Rf7+ Kh8) 46. Qe8 $15 {[%csl Ge8][%cal Rf8h8]} Qc1+ 47. Kg2 {[%csl Ge8][%cal Rf8h8]} Qd2+ 48. Kg1 {[%csl Ge8][%cal Rf8h8]} Qe3+ 49. Kf1 {[%csl Ge8][%cal Rf8h8]} Qe1+ 50. Kg2 {[%csl Ge8][%cal Rf8h8]} Qe2+ 51. Kg1 {[%csl Ge8][%cal Rf8h8]} Qd1+ $1 52. Kg2 {[%csl Ge8][%cal Rf8h8] [#]} Qd2+ (52... Nf4+ $1 $17 {[%mdl 512]} 53. Rxf4 Qxd6) 53. Kg1 {[%csl Ge8][%cal Rf8h8] The position is equal.} Qc1+ 54. Kg2 {[%csl Ge8][%cal Rf8h8]} Qd2+ 55. Kg1 {[%csl Ge8][%cal Rf8h8]} Qc1+ 56. Kg2 {[%csl Ge8][%cal Rf8h8]} Qd2+ {Precision: White = 52%, Black = 50%.} 1/2-1/2

[Event "11th Tal Memorial Rapid 2018"]
[Site "Moscow"]
[Date "2018.03.03"]
[Round "4"]
[White "Svidler, Peter"]
[Black "Anand, Viswanathan"]
[Result "1/2-1/2"]
[WhiteElo "2760"]
[BlackElo "2776"]
[Annotator "TA"]
[PlyCount "81"]
[EventDate "2018.??.??"]
[EventType "rapid"]
[EventCountry "RUS"]
[SourceTitle "playchess.com"]
[Source "ChessBase"]
[SourceQuality "1"]

{[%evp 19,81,18,25,22,31,19,31,3,10,4,8,6,14,23,33,40,36,50,42,35,50,48,50,47,52,53,67,62,124,131,127,114,111,125,147,149,147,125,153,116,153,146,159,99,99,91,91,91,252,91,99,0,0,0,0,0,50,35,35,35,35,35,35,35]} 1. Nf3 Nf6 2. c4 e6 3. Nc3 d5 4. d4 Be7 5. Qc2 c5 6. cxd5 {D37: Queen's Gambit Declined: 5 Bf4} cxd4 7. Nxd4 O-O 8. Bg5 Nxd5 9. Bxe7 Nxe7 10. Rd1 Qb6 {LiveBook: 7 Games} 11. Qb3 Qxb3 12. Nxb3 Nbc6 13. g3 b6 {[#]} 14. Bg2 $146 Rb8 15. O-O Ba6 16. Nd4 Bb7 17. Nxc6 Bxc6 18. Bxc6 Nxc6 19. Rd7 Rfd8 20. Rfd1 Kf8 21. Rc7 Rxd1+ 22. Nxd1 $14 {[%mdl 4096] Endgame KRN-KRN} Rd8 23. Nc3 ({Don't play} 23. Rxc6 Rxd1+ 24. Kg2 Rd2 $11) 23... Nb4 ({Black should try} 23... Ne5 $14) 24. Rxa7 $16 Rd2 25. Rb7 Rxb2 26. Rxb6 Rc2 27. Rxb4 Rxc3 {KR-KR} 28. a4 Ra3 29. Rb8+ Ke7 30. Ra8 g5 31. a5 (31. g4 $142) 31... g4 32. a6 {[%cal Ba5a6,Ba6a7][%mdl 32]} Kf6 33. a7 Ra1+ 34. Kg2 {aiming for f3.} Ra2 35. f3 (35. h4 $16) 35... Rxe2+ $11 36. Kf1 Ra2 37. fxg4 h6 38. h4 {White is slightly better.} Kg7 39. Ke1 {Kd1 is the strong threat.} e5 40. Kd1 {Threatens to win with Kc1.} e4 41. Ke1 {Precision: White = 74%, Black = 64%.} 1/2-1/2

[Event "11th Tal Memorial Rapid 2018"]
[Site "Moscow"]
[Date "2018.03.03"]
[Round "4"]
[White "Nepomniachtchi, Ian"]
[Black "Karjakin, Sergey"]
[Result "1/2-1/2"]
[WhiteElo "2751"]
[BlackElo "2763"]
[Annotator "TA"]
[PlyCount "50"]
[EventDate "2018.??.??"]
[EventType "rapid"]
[EventCountry "RUS"]
[SourceTitle "playchess.com"]
[Source "ChessBase"]
[SourceQuality "1"]

{[%evp 19,50,4,0,-29,-29,-29,-29,-29,-35,-31,-26,-40,-27,-36,-32,-32,-41,-32,-26,-36,-37,-121,-114,-162,-45,-49,0,0,0,0,0,0,-3]} 1. Nf3 d5 2. g3 c6 3. c4 Nf6 4. Bg2 dxc4 5. O-O Nbd7 6. Na3 {[%cal Bb1a3,Ba3c4,Bc4e5][%mdl 32]} Nb6 7. Qc2 Be6 {A11: English Opening: 1...c6} 8. Ng5 Bg4 (8... Qd7 9. b3 cxb3 10. axb3 g6 11. Nc4 Nxc4 12. bxc4 Bg7 13. Rb1 O-O 14. Nxe6 Qxe6 15. d4 {1-0 (36) Shimanov,A (2641)-Akobian,V (2647) chess.com INT 2018}) 9. Nxc4 Bxe2 10. Ne5 Bh5 $1 {LiveBook: 30 Games} 11. b4 {[%cal Bb2b4,Bb4b5][%mdl 32]} e6 12. b5 $1 {[%cal Rb5c6]} Bd6 13. Bb2 $146 ({Find the theoretical novelty and annotate with similar games:} 13. d4 O-O 14. bxc6 Rc8 15. Qb3 bxc6 16. Nxc6 {½-½ (25) Bredenhof,B (2181)-Paulson,I ICCF email 2012}) 13... Bxe5 14. Bxe5 Bg6 $1 {[%cal Rg6c2]} 15. Qb3 Rc8 $36 {[%mdl 2048] Black has the initiative.} 16. bxc6 bxc6 17. Rac1 O-O 18. Bxc6 Qxd2 19. Nf3 Qd3 20. Nd4 {[#]} ({White should play} 20. Bb5 $15 Qe4 21. Bb2) 20... Ng4 $1 $17 {[%cal Rg4e5]} 21. Rc3 Qd2 (21... Nxe5 $19 22. Rxd3 Bxd3) 22. Nf3 $15 Qd8 (22... Qe2 $5 {[%cal Rg4e5]} 23. Bb5 Qe4 24. Rxc8 Rxc8 $17) 23. Rd1 {The position is equal.} Nd5 $1 24. Bxd5 exd5 25. Rxd5 Qb6 {Precision: White = 59%, Black = 72%.} 1/2-1/2

[Event "11th Tal Memorial Rapid 2018"]
[Site "Moscow"]
[Date "2018.03.03"]
[Round "4"]
[White "Dubov, Daniil"]
[Black "Grischuk, Alexander"]
[Result "1/2-1/2"]
[WhiteElo "2701"]
[BlackElo "2767"]
[Annotator "TA"]
[PlyCount "47"]
[EventDate "2018.??.??"]
[EventType "rapid"]
[EventCountry "RUS"]
[SourceTitle "playchess.com"]
[Source "ChessBase"]
[SourceQuality "1"]

{[%evp 16,47,12,0,7,0,0,-6,0,0,0,0,-2,-11,-2,-23,-2,-4,7,7,18,7,7,14,14,14,12,0,0,0,0,0,0,0]} 1. Nf3 Nf6 2. d4 g6 3. Nbd2 Bg7 4. e4 d6 5. Bb5+ c6 6. Bd3 O-O 7. O-O c5 8. c3 cxd4 9. cxd4 {LiveBook: 46 Games} e5 {B07: Pirc Defence: Miscellaneous Systems} (9... Nc6 10. h3 Nh5 11. Nb3 e5 12. Bg5 Qb6 13. d5 Nb4 14. Be3 Qd8 15. Bc4 a5 16. Nbd2 Bd7 17. a3 {½-½ (89) Fedoseev,V (2674)-Kokarev,D (2638) Sochi 2015}) 10. Re1 $146 ({Predecessor:} 10. dxe5 dxe5 11. Nc4 Nc6 12. Be3 Bg4 13. Bc5 Re8 14. h3 Bxf3 15. Qxf3 b6 16. Ba3 b5 17. Nd6 {1-0 (32) Zhuravliov,V (2485)-Sokolov,S (2370) Cheliabinsk 1991}) 10... exd4 11. Nxd4 Ng4 12. N4f3 $1 (12. N2f3 Bxd4 13. Nxd4 Qh4 $15) 12... Nc6 13. Nc4 Be6 14. Bg5 Bf6 15. Bf4 Nge5 16. Ncxe5 {The position is equal.} Nxe5 17. Nd4 Bd7 18. Be2 Qb6 19. Qd2 Nd3 20. Bxd3 {[#] aiming for Nf3.} Bxd4 21. Be3 Be6 22. Bf1 Bxe3 23. Rxe3 Rac8 24. a3 {Precision: White = 37%, Black = 76%.} 1/2-1/2